000 00543cam a2200229 4500
001 4546620
005 20180104081314.0
008 720526s1972 nyu b 000 0 eng
010 _a 70190192
020 _a0231032900
040 _aDLC
_cDLC
_dDLC
041 _aeng
080 _a361.32
082 0 0 _a361.32 KAD
100 1 _a21
101 _aGJL
245 1 4 _aThe social work interview.
350 _a$12.50
504 _aBibliography: p. [309]-332.
906 _a7
_bcbc
_corignew
_d1
_encip
_f19
_gy-gencatlg
942 _2ddc
_cBK
999 _c39746
_d39746